000 01225nam a2200253Ia 4500
999 _c40355
_d40355
001 6963
003 GE_BSU
005 20190430113240.0
008 181216s1968||||ge |||||||||||||| ||geo||
040 _cGE_BSU
041 _ageo
080 _a624.041.2(075) ჩ-65
100 _aჩირაძე, ლ.
_9524
245 _aსტატიკურად ურკვევი ამოცანების ამოხსნა გაჭიმვა-კუმშვის დროს :
_bდამხმ. სახელმძღვ. /
_hმ. ჩირაძე, ნ. მაღულარია ; რედ.ე.გიორგაძე.
264 _aთბილისი :
_bსპი ;
_c1986.
300 _a42გვ. :
_bილ., ცხრილები ;
_c20 სმ.
504 _aბიბლიოგრ.: გვ.41-42.
653 _aსტატიკურად ურკვევი ამოცანები
653 _aმასალათა გამძლეობა
653 _aგაჭიმვა-კუმშვა
700 _aმურღულია ნ.
_eავტორი
_9525
700 _aგიორგაძე. ე.
_eრედაქტორი
_9398
942 _cBK
_2udc